Unité nommée d'après un scientifique - Statistiques

Statistiques générales
  • Ce quiz a été pris 52 fois
  • Le résultat moyen est 9 sur 15
Statistiques - réponses
Hint Réponse % Correct
Hertz Fréquence
83%
Kelvin Température
83%
Newton Force
80%
Ampère Intensité éléctrique
77%
Pascal Pression
77%
Joule Energie
71%
Ohm Résistance
71%
Watt Puissance
66%
Volt (Volta) Tension électrique
63%
Becquerel Radioactivité
57%
Tesla Champ magnétique
37%
Weber Flux magnétique
34%
Henry Inductance
34%
Farad (Faraday) Capacité éléctrique
31%
Coulomb Charge éléctrique
31%
Aucun quiz correspondant
Distribution des résultats
% des personnes avec chaque résultat
Percentile par nombre de réponses
Votre historique - résultats
Vous n’avez pas pris ce quiz